000 00414nam a22001697a 4500
003 CEME
005 20210628202521.0
008 210316b xxu||||| |||| 00| 0 eng d
020 _a0-86720-464-8
040 _c.
082 _a514.74 CRO'I
100 _aCrownorer, R.M
_960274
245 _aIntroduction to fractals and chaos
260 _aBOSTON
_bJONES & BARTLETT
_c1995
300 _a306P
942 _cBK
_2ddc
999 _c570046
_d570046